00802nam a2200265 i 4500001000300000100002200003245006700025250001200092260004300104300003200147504001100179650002700190655003000217020001800247040000800265041000800273044000800281080001400289920002100303942000700324008004100331999001700372856009800389952004900487bg1 aRosen, Kenneth H.10aDiscrete mathematics and its applications /cKenneth H. Rosen. a6th ed. aBoston [et al.] :bMcGraw Hill,c2007. aXXII, 843 s. :bil.c26 cm. aIndeks 9aMatematykaxstosowanie aPodręczniki akademickie a9780071244749 cBPK0 apol aUSA a51(075.8) a978-007-124474-9 cKS s pl f |000 0 pol  c54508d54508 uhttp://koha.tu.koszalin.pl/cgi-bin/koha/opac-detail.pl?biblionumber=54508yKatalog online BPK 00104070aBPKbBPKcwo86004p02404516yKS